The Routledge Falmer Reader in Education Policy and Politics

Saved in:
Bibliografiske detaljer
Main Authors: Lingard, Bob (autor), Ozga, Jenny (Author)
Format: Bog
Sprog:engelsk
Udgivet: Londres Routledge 2007
Udgivelse:1a. ed
Fag:
Tags: Tilføj Tag
Ingen Tags, Vær først til at tagge denne postø!

MARC

LEADER 00000cam a2200000 a 4500
001 UCD4509
003 CL-VaPUC
008 160713e20070000uk |||||||||||||||||eng|d
020 |a 9780415345743 
082 0 4 |a 379  |b LIN  |2 21 
100 |a Lingard, Bob  |e autor  |9 597950 
700 0 |a Ozga, Jenny  |e author  |9 588225 
245 1 4 |a The Routledge Falmer Reader in Education Policy and Politics 
250 |a 1a. ed 
300 |a 278 p 
942 |c BK 
945 |d 20160713 20:53:00  |a dcastane 
260 |a Londres  |b Routledge  |c 2007 
650 0 |a Política y educación  |9 311154 
650 0 |a Estado y educación   |9 311264 
583 |a last modification  |c 20160805 03:39:20  |k Rodrigo Vera 
999 |c 365403  |d 365401 
952 |0 0  |1 0  |3 erb  |4 0  |6 379_000000000000000_LIN_2007  |7 0  |8 A  |9 479260  |a FDOPOS  |b FDOPOS  |i 5296706  |o 379 LIN 2007  |p 5296706  |r 2025-01-22  |w 2019-11-24  |y BK  |z Catalogado en:20160713  |k MED